U-learning: el futuro está aquí
Guardat en:
| Autors principals: | , , |
|---|---|
| Format: | Llibre |
| Idioma: | espanyol |
| Publicat: |
Ciudad de México
Alfaomega
2010
|
| Edició: | 1a. ed |
| Matèries: | |
| Etiquetes: |
Afegir etiqueta
Sense etiquetes, Sigues el primer a etiquetar aquest registre!
|
MARC
| LEADER | 00000cam a2200000 a 4500 | ||
|---|---|---|---|
| 001 | UCE9199 | ||
| 003 | CL-VaPUC | ||
| 008 | 151002e20100000mx |||||||||||||||||spa|d | ||
| 020 | |a 9786077854357 | ||
| 082 | 0 | 4 | |a 005.15 |b FER |2 21 |
| 100 | 0 | |a Fernández Gómez, Eva I |e author |9 581945 | |
| 700 | 0 | |a Baratech Ramírez, Mariano |e author |9 581946 | |
| 700 | 0 | |a Del Cerro, Miguel |e author |9 581947 | |
| 245 | 1 | 0 | |a U-learning: el futuro está aquí |
| 250 | |a 1a. ed | ||
| 300 | |a 237 p | ||
| 942 | |c BK | ||
| 945 | |d 20151002 15:56:00 |a arojas | ||
| 260 | |a Ciudad de México |b Alfaomega |c 2010 | ||
| 650 | 0 | |a Desarrollo de software |9 464463 | |
| 650 | 0 | |a Tecnología de la información |9 254825 | |
| 650 | 0 | |a E- learning |9 484771 | |
| 650 | 0 | |a Redes sociales |9 327959 | |
| 650 | 0 | |a Gestión de proyectos |9 260970 | |
| 583 | |a last modification |c 20160914 01:06:52 |k Rodrigo Vera | ||
| 999 | |c 360878 |d 360876 | ||
| 952 | |0 0 |1 0 |3 erb |4 0 |6 005_150000000000000_FER_2010 |7 0 |8 A |9 471121 |a BIBING |b BIBING |i 5240972 |o 005.15 FER 2010 |p 5240972 |r 2025-01-20 |w 2019-11-24 |y BK |z Catalogado en:20151002 |k CCI | ||
| 952 | |0 0 |1 0 |3 erb |4 0 |6 005_150000000000000_FER_2010 |7 0 |8 A |9 471122 |a BIBING |b BIBING |i 5240980 |o 005.15 FER 2010 |p 5240980 |r 2025-01-20 |w 2019-11-24 |y BK |z Catalogado en:20151002 |k CCI | ||
| 952 | |0 0 |1 0 |3 erb |4 0 |6 005_150000000000000_FER_2010 |7 0 |8 A |9 471123 |a BIBING |b BIBING |i 5241006 |o 005.15 FER 2010 |p 5241006 |r 2025-01-20 |w 2019-11-24 |y BK |z Catalogado en:20151002 |k CCI | ||
| 952 | |0 0 |1 0 |3 erb |4 0 |6 005_150000000000000_FER_2010 |7 0 |8 A |9 471124 |a BIBING |b BIBING |i 5241014 |o 005.15 FER 2010 |p 5241014 |r 2025-01-20 |w 2019-11-24 |y BK |z Catalogado en:20151002 |k CCI | ||
| 952 | |0 0 |1 0 |3 erb |4 0 |6 005_150000000000000_FER_2010 |7 0 |8 A |9 471129 |a BIBING |b BIBING |i 5241065 |o 005.15 FER 2010 |p 5241065 |r 2025-01-20 |w 2019-11-24 |y BK |z Catalogado en:20151002 |k CCI | ||